Normal view
MARC view
- Dávila, María Amparo,
Entry Nombre Personal
001 - NUMERO DE CONTROL
- campo de control: 30334
003 - IDENTIFICADOR DE NUMERO DE CONTROL
- campo de control: UPN
005 - FECHA Y HORA DE LA ÜLTIMA TRANSACCIÓN
- campo de control: 20210219194413.0
008 - DATOS DE LONGITUD FIJA
- campo de control de longitud fija: nabaccnnaabn|||||||||| b |nc|||||d
035 ## - NUMERO DE CONTROL
- Número de control: UPN11000002440
040 ## - FUENTE DE CATALOGACIÓN
- Lenguaje de catalogación: SPA
- Agencia de transcripción: UPN
053 #4 - NÚMERO DE CLASIFICACIÓN LC
- Número de clasificación elemento-número único o número inicial de tramo: PQ7297 D3.3
100 1# - ENCABEZAMIENTO - NOMBRE PERSONAL
- Nombre personal: Dávila, María Amparo,
- Fechas asociadas con el nombre: 1928-
400 1# - VEÁSE - NOMBRE DE PERSONA
- Personal name: Dávila, Amparo,
- Dates associated with a name: 1928-
670 ## - FUENTE EN LA QUE SE LOCALIZARON DATOS
- Cita de la fuente: T
- Uniform Resource Identifier: http://www.uam.mx/difusion/casadeltiempo/14_15_iv_dic_ene_2009/casa_del_tiempo_eIV_num14_15_71_74.pdf
680 ## - NOTA PUBLICA DE ACCESO PÚBLICO
- Frase explicativa de la referencia: Escritora mexicana
902 ## - CATALOGADOR
- Catalogador: CAA/100910
